ابن رشد وفلسفته الدينية/ (Record no. 7029)
[ view plain ]
| 000 -LEADER | |
|---|---|
| fixed length control field | 00484nac a22001451u 4500 |
| 008 - FIXED-LENGTH DATA ELEMENTS--GENERAL INFORMATION | |
| fixed length control field | 080904s1969 ua||||||r||| 000 0bra d |
| 082 ## - DEWEY DECIMAL CLASSIFICATION NUMBER | |
| Classification number | 189.092 |
| Item number | ق ا س |
| Edition number | 22 |
| 245 ## - TITLE STATEMENT | |
| Title | ابن رشد وفلسفته الدينية/ |
| Statement of responsibility, etc | محمود قاسم |
| 250 ## - EDITION STATEMENT | |
| Edition statement | ط3 . |
| 260 ## - PUBLICATION, DISTRIBUTION, ETC. (IMPRINT) | |
| Place of publication, distribution, etc | القاهرة : |
| Name of publisher, distributor, etc | مكتبة الأنجلو المصرية ، 1969 |
| Date of publication, distribution, etc | 1969. |
| 300 ## - PHYSICAL DESCRIPTION | |
| Extent | 199 ص ; |
| Dimensions | 24 سم . |
| 511 ## - PARTICIPANT OR PERFORMER NOTE | |
| Participant or performer note | Catalogued by: Sara |
| 541 ## - IMMEDIATE SOURCE OF ACQUISITION NOTE | |
| Source of acquisition | الف باء؛ |
| 942 ## - ADDED ENTRY ELEMENTS (KOHA) | |
| Source of classification or shelving scheme | Dewey Decimal Classification |
| Item type | Book - Borrowing |
| Withdrawn status | Item status | Source of classification or shelving scheme | Damaged status | Not for loan | Vendor | Home library | Current library | Shelving location | Date acquired | Source of acquisition | Total Checkouts | Full call number | Barcode | Date last seen | Koha item type |
|---|---|---|---|---|---|---|---|---|---|---|---|---|---|---|---|
| Dewey Decimal Classification | Alef-Baa | Central Library | Central Library | Lower Floor | 18/07/2010 | 189.092 قاس | 000008567 | 15/07/2025 | Book - Borrowing |